Red vial pavimentada de Nicaragua 1976
Expone un sistema de facilidades viales que fueron agregadas por razones ajenas a la presión ejercida por el incremento en el uso de vehículos motorizados.
| Main Author: | |
|---|---|
| Other Authors: | |
| Format: | Tesis Section = Libro |
| Language: | Undetermined Spanish |
| Published: |
Managua
UNI
1977
|
| Subjects: |
| LEADER | 00773nam a2200229Ia 4500 | ||
|---|---|---|---|
| 008 | 240830s9999 xx 000 0 und d | ||
| 040 | |a BIBLIOTECA-RUSB/ Mon 625.7 N582 | ||
| 041 | |a spa | ||
| 082 | |a Mon 625.7 N582 | ||
| 100 | 1 | |a Nicaragua. Ministerio de Obras Públicas | |
| 245 | 1 | 0 | |a Red vial pavimentada de Nicaragua 1976 |
| 260 | |a Managua |b UNI |c 1977 | ||
| 300 | |a 128 p. :il. | ||
| 500 | |a Inventario Vial. | ||
| 502 | |a Tesis (Otros) - UNI, 1977. | ||
| 520 | 3 | |a Expone un sistema de facilidades viales que fueron agregadas por razones ajenas a la presión ejercida por el incremento en el uso de vehículos motorizados. | |
| 650 | 7 | |a CARRETERAS - PAVIMENTADAS | |
| 650 | 7 | |b INGENIERIA CIVIL | |
| 700 | 1 | |a Tutor: | |
| 942 | |c BK |2 ddc | ||
| 991 | |a TESIS | ||
| 999 | |c 20385 | ||